ARRUPE JESUIT UNIVERSITY

CORONAVIRUS -STOP THE SPREAD - CLEAN,DISINFECT,COVER

Innate ideas / (Record no. 131172)

MARC details
000 -LEADER
fixed length control field 01465cam a2200277 i 4500
001 - CONTROL NUMBER
control field 2207222
003 - CONTROL NUMBER IDENTIFIER
control field ARRUPE
005 - DATE AND TIME OF LATEST TRANSACTION
control field 20220330101446.0
008 - FIXED-LENGTH DATA ELEMENTS--GENERAL INFORMATION
fixed length control field 750607s1975 caua b 000 0 eng
010 ## - LIBRARY OF CONGRESS CONTROL NUMBER
LC control number 74081441
020 ## - INTERNATIONAL STANDARD BOOK NUMBER
International Standard Book Number 0520028228
040 ## - CATALOGING SOURCE
Original cataloging agency DLC
Transcribing agency DLC
Modifying agency DLC
050 00 - LIBRARY OF CONGRESS CALL NUMBER
Classification number P37
Item number .I5
082 00 - DEWEY DECIMAL CLASSIFICATION NUMBER
Classification number 121
300 ## - PHYSICAL DESCRIPTION
Other physical details ill. ;
Dimensions 24 cm.
245 00 - TITLE STATEMENT
Title Innate ideas /
Statement of responsibility, etc edited by Stephen P. Stich.
260 ## - PUBLICATION, DISTRIBUTION, ETC. (IMPRINT)
Place of publication, distribution, etc Berkeley :
Name of publisher, distributor, etc University of California Press,
Date of publication, distribution, etc [1975]
300 ## - PHYSICAL DESCRIPTION
Extent x, 222 p. :
504 ## - BIBLIOGRAPHY, ETC. NOTE
Bibliography, etc Bibliography: p. [219]-222.
505 0# - FORMATTED CONTENTS NOTE
Formatted contents note Plato. Meno.--Adams, R. M. The Locke-Leibniz debate.--Adams, R. M. Where do our ideas come from? Descartes vs. Locke.--Chomsky, N. Cartesian linguistics: acquisition and use of language.--Hart, W. D. Innate ideas and a priori knowledge.--Goldman, A. I. Innate knowledge.--Chomsky, N. Recent contributions to the theory of innate ideas.--Putnam, H. The innateness hypothesis and explanatory models in linguistics.--Katz, J. J. Innate ideas.--Harman, G. H. Psychological aspects of the theory of syntax.--Chomsky, N. Linguistics and philosophy.--Quine, W. V. Linguistics and philosophy.--Atherton, M. and Schwartz, R. Linguistic innateness and its evidence.
650 #0 - SUBJECT ADDED ENTRY--TOPICAL TERM
Topical term or geographic name as entry element Innateness hypothesis (Linguistics)
9 (RLIN) 13496
650 #0 - SUBJECT ADDED ENTRY--TOPICAL TERM
Topical term or geographic name as entry element Language and languages
General subdivision Philosophy.
650 #0 - SUBJECT ADDED ENTRY--TOPICAL TERM
Topical term or geographic name as entry element Psycholinguistics.
700 1# - ADDED ENTRY--PERSONAL NAME
Personal name Stich, Stephen P.
906 ## - LOCAL DATA ELEMENT F, LDF (RLIN)
a 7
b cbc
c orignew
d 2
e opcn
f 19
g y-gencatlg
942 ## - ADDED ENTRY ELEMENTS (KOHA)
Source of classification or shelving scheme Library of Congress Classification
Koha item type Monograph ( Printed materials)
Holdings
Withdrawn status Lost status Source of classification or shelving scheme Damaged status Not for loan Collection code Home library Current library Shelving location Date acquired Total Checkouts Full call number Barcode Date last seen Price effective from Koha item type
    Library of Congress Classification     Main Collection ARRUPE LIBRARY ARRUPE LIBRARY Main Collection 30/03/2022   P37 .I5 46600008232 30/03/2022 30/03/2022 Monograph ( Printed materials)

 

Arrupe Library. PO Box MP320 Mt Pleasant, Harare, Zimbabwe
263 242 745411|librarian@aju.ac.zw